Oxford wordpower dictionary.

Đã lưu trong:
書目詳細資料
格式: 圖書
語言:English
出版: Oxford : Oxford University Press, 1993.
主題:
標簽: 添加標簽
沒有標簽, 成為第一個標記此記錄!
Thư viện lưu trữ: Mạng thư viện Đại học Đà Nẵng
LEADER 00777cam a2200313 i 4500
001 000045523
003 4707
005 20030228103635.0
008 010220|1993 vm 000 eng
020 |a 0194311384 (pbk) 
040 |a IRC  |c IRC  |d IRC 
041 0 |a eng 
082 1 4 |a 423  |b Ox-W 
245 0 0 |a Oxford wordpower dictionary. 
260 |a Oxford :  |b Oxford University Press,  |c 1993. 
300 |a xii, 746p. :  |b ill. 
630 0 4 |a Dictionaries. 
630 0 4 |a English dictionaries. 
650 0 4 |a English language  |v Dictionaries. 
OWN |a DUT 
999 |a From the UDN01 
TYP |a Monograph 
TYP |a Printed language 
980 |a Mạng thư viện Đại học Đà Nẵng